| 000 | 00623nam a22001817a 4500 | ||
|---|---|---|---|
| 999 |
_c371998 _d371998 |
||
| 008 | 201127b ||||| |||| 00| 0 eng d | ||
| 040 |
_aDE-2950 _bger _cDE-2950 _erda |
||
| 041 | _ager | ||
| 245 |
_aSenioren stimmen sich in der Messehalle aufs Weihnachtsfest ein _bDie große Familie |
||
| 264 | _c2022 | ||
| 653 | _aFrankfurt (Oder) | ||
| 653 | _aGroße Familie | ||
| 773 |
_dFrankfurt (Oder) Märkisches Verlags- und Druckhaus GmbH & Co KG _tMärkische Oderzeitung _g33. Jahrgang (2022) Nr. 281 vom 02.12.2022, S. 15: mit Foto |
||
| 942 | _cA | ||